00704 a2200205 4500003000500000005001700005010001700022020002200039040000900061082001500070100002200085245006400107250001100171260003700182300003500219505017600254650002900430650001100459650002800470NUST20221227134355.0 a 80083102  a0316984930 (pbk.) cNust00a355.02,ZIE1 aZiegler, David W.10aWar, peace, and international politics /cDavid W. Ziegler. a2d ed. aBoston :bLittle, Brown,cc1981. axvii, 446 p. :bmaps ;c23 cm. aPart-1: Causes of War: Historical Cases and Hypotheses (Page-5), Part-2: Approaches to Peace (Page-125), Part-3: Sources of Conflict in the Contemporary World (Page-335).  0aInternational relations. 0aPeace. 0aWar (International law)